| 000 | 01305nam0a2200313 4500 | ||
|---|---|---|---|
| 001 | RU\NLR\bibl\1242538 | ||
| 005 | 20250615121658.0 | ||
| 010 |
_a978-5-7974-0164-3 _9500 |
||
| 021 |
_aRU _b2008-31981 _91766 |
||
| 035 | _a(NLR Aleph) 001228713 | ||
| 090 |
_a184666 _c184666 |
||
| 100 | _a20080618d2008 |||y0rusy50 ca | ||
| 101 | 0 | _arus | |
| 102 | _aRU | ||
| 105 | _aa ||||||||| | ||
| 200 | 1 |
_aПартийная система Европейского Союза _eтеория и методика исследования _eмонография _fО.И. Каринцев, С.И. Чернышов _gРос. ун-т дружбы народов |
|
| 210 |
_aМосква _cИКАР _d2008 |
||
| 215 |
_a124, [1] с. _cил. _d20 |
||
| 320 | _aБиблиогр. в конце кн. (102 назв.) | ||
| 606 | 1 |
_aПолитические партии _yЕвропейские страны _91493198 _3RU\NLR\auth\66643554 |
|
| 686 | _aФ69(0) | ||
| 700 | 1 |
_aКаринцев _bО. И. _gОлег Игоревич _4070 |
|
| 701 | 1 |
_aЧернышов _bС. И. _gСергей Иванович _4070 |
|
| 801 | 0 |
_aRU _bNLR _c20080618 _gRCR |
|
| 801 | 1 |
_aRU _bNLR _c20080618 |
|
| 942 | _cBOOK | ||
| 980 | _aNB | ||